00534nam a2200217Ia 4500008004100000020002200041050001600063050001400079100002300093245002400116245002200140250001600162260001600178260002200194260000900216300001600225300002000241300001100261500002000272650002400292180523s9999 xx 000 0 und d a978-981-265-767-1 aMAIN QA 551 b.R53 2012 aRiddle, Douglas F. 0aAnalytic geometry / 0cDouglas F. Riddle a6th Edition aSingapore : bCengage Learning, c2012 a473 pages : billustrations ; c24 cm. aIncludes index. aGeometry, Analytic.